000 01192nam a2200313 i 4500
001 15831
003 ES-MaACL
005 20230906151150.0
007 t|
008 000508s1998 sp ||||0| spa j
020 _a84-88006-40-3
040 _aM-BN
_bspa
_cM-BN
080 _a75.036(460)(064.3)
080 _a75.036(430)(064.3)
245 0 0 _aMadrid Berlín
_b: condiciones de visibilidad = sichtverhèaltnisse.
260 _a[Madrid] :
_bCentro Cultural del Conde Duque,
_cD.L. 1998.
300 _a167 p :
_bprincipalmente il ;
_c23 cm.
500 _aExposición: Centro Cultural del Conde Duque, Madrid, del 8 de octubre al 29 de noviembre de 1998; Künstlerhaus Bethanien, Berlín, del 25 de marzo al 2 de mayo de 1999.
500 _aTexto en español y alemán.
650 4 _aPintura española-
_yS.XX-
_vExposiciones.
_916043
650 4 _aPintura alemana-
_yS.XX-
_vExposiciones.
_916018
655 7 _2tgfbne
_9193628
_aCatálogos de exposiciones
710 2 _aCentro Cultural del Conde Duque.
_92579
710 2 _aKünstlerhaus Bethanien.
_95445
852 _aES-MaACL
_jL-22931
_bR.126848
942 _2udc
999 _c15831
_d15831